000 00212 a2200097 4500
001 713
100 _aSolomon,L
245 _aTelstar(communication break-through)
260 _a
_bMcgrawhill
_c
090 _c309
_d309
942 _aNUST-CAE
_cM
_c23224
999 _c235786
_d235786